Applications of EPR and NMR spectroscopy in homogeneous catalysis /

Bibliographic Details
Main Author: Talsi, Evgenii P. (Author)
Corporate Author: CRC Press
Format: eBook
Language:English
Published: Boca Raton, FL : CRC Press, [2017]
Subjects:
Online Access:Connect to the full text of this electronic book

MARC

Tag First Indicator Second Indicator Subfields
LEADER 00000cam a2200000Ii 4500
001 in00003854039
006 m o d
007 cr |n|||||||||
008 170414s2017 flua ob 001 0 eng d
005 20250816190613.9
020 |a 1498742645  |q (electronic bk.) 
020 |a 9781498742641  |q (electronic bk.) 
020 |a 9781351647762  |q (electronic bk.) 
020 |a 1351647768  |q (electronic bk.) 
020 |z 1498742637 
024 8 |a 99971967172 
035 |a (NhCcYBP)ybp13955237 
037 |a 1005205  |b MIL 
040 |a NhCcYBP  |c NhCcYBP  |d UtOrBLW 
050 4 |a QD505  |b .T338 2017 
072 7 |a SCI  |x 013050  |2 bisacsh 
082 0 4 |a 541/.395  |2 23 
100 1 |a Talsi, Evgenii P.,  |e author.  |0 http://id.loc.gov/authorities/names/n2016031902 
245 1 0 |a Applications of EPR and NMR spectroscopy in homogeneous catalysis /  |c Evgenii Talsi, Konstantin Bryliakov. 
264 1 |a Boca Raton, FL :  |b CRC Press,  |c [2017] 
300 |a 1 online resource. 
336 |a text  |b txt  |2 rdacontent 
337 |a computer  |b c  |2 rdamedia 
338 |a online resource  |b cr  |2 rdacarrier 
504 |a Includes bibliographical references and index. 
588 |a Description based on print version record. 
505 0 |a Cover ; Half Title ; Title Page ; Copyright Page ; Contents ; Preface ; Authors ; Abbreviations ; Chapter 1: Basic Principles of EPR and NMR Spectroscopy ; 1.1 Electron and Nuclear Magnetic Moments in the Magnetic Field ; 1.2 Instrumentation for CW EPR Spectroscopy 
505 8 |a 1.3 Main Parameters Characterizing EPR Spectra 1.4 EPR Spectra of Frozen Solutions ; 1.5 Instrumentation for Pulsed FT NMR Spectroscopy ; 1.6 Main Characteristics of NMR Spectra ; 1.6.1 Chemical Shift ; 1.6.2 Spin-Spin Coupling ; 1.6.3 NMR Line Width ; 1.7 Bloch Equations 
505 8 |a 1.8 Pulsed FT NMR Spectroscopy References ; Chapter 2: Some NMR Spectroscopic Techniques Used in Homogeneous Catalysis ; 2.1 Measuring 1H and 13C NMR Spectra of a Sample Compound ; 2.1.1 One- and Two-Dimensional 1H and 13C NMR Spectra ; 2.1.2 1H COSY versus 1H TOCSY Spectra 
505 8 |a 2.2 1H Spectra of Paramagnetic Molecules 2.2.1 Probing the Structure of an Unknown Ni(II) Complex by Multinuclear NMR ; 2.2.2 Temperature Dependence of the Paramagnetic Shift ; 2.2.2.1 Temperature Dependence of the Paramagnetic Shift of Monomeric Compounds 
505 8 |a 2.2.2.2 Temperature Dependence of Paramagnetic Shift of Antiferromagnetic Dimers 2.2.2.3 Measuring Magnetic Susceptibility (Evans Method) for Studying Spin Equilibrium ; References 
500 |a Electronic resource. 
650 0 |a Homogeneous catalysis.  |0 http://id.loc.gov/authorities/subjects/sh2014001146 
650 0 |a Catalysis.  |0 http://id.loc.gov/authorities/subjects/sh85020938 
650 0 |a Spectrum analysis.  |0 http://id.loc.gov/authorities/subjects/sh85126423 
650 0 |a Electron paramagnetic resonance spectroscopy.  |0 http://id.loc.gov/authorities/subjects/sh85042229 
650 0 |a Nuclear magnetic resonance spectroscopy.  |0 http://id.loc.gov/authorities/subjects/sh85093008 
655 7 |a Electronic books.  |2 local 
710 2 |a CRC Press.  |0 http://id.loc.gov/authorities/names/n80007653 
776 1 8 |i Print version:  |a Talsi, Evgenii  |t Applications of EPR and NMR Spectroscopy in Homogeneous Catalysis  |d Boca Raton : CRC Press,c2017  |z 9781498742634 
856 4 0 |u http://proxy.library.tamu.edu/login?url=http://www.crcnetbase.com/isbn/9781498742634  |z Connect to the full text of this electronic book  |t 0 
955 |a YBP purchased firm e-records 
980 |b 179.95  |g 1 
999 f f |s fa80885b-17dc-3df0-b94c-5419283fe432  |i 9b18c36c-4003-35fb-859b-754b629dcd03  |t 0 
952 f f |a Texas A&M University  |b College Station  |c Electronic Resources  |d Available Online  |t 0  |e QD505 .T338 2017  |h Library of Congress classification 
998 f f |a QD505 .T338 2017  |t 0  |l Available Online